000 00465nam a2200169Ia 4500
003 GCL
008 140319s9999 xx 000 0 ara d
040 _aGCL /
_cGCL
082 0 4 _a843
_bا ل
100 1 _aاحمد كمال يونس
245 1 0 _aلوكليزيو صحراء /
_cاحمد كمال يونس
260 _a[S.N] :
_bدار المستقبل ،
_c1985
300 _a293 ص
490 _a
650 0 4 _aالقصص الفرنسية
942 _2ddc
_cBK
999 _c32335
_d32335